Mario Kart 8 Deluxe - alle Strecken - Statistiken

Allgemein
  • Dieses Quiz wurde 109 mal gespielt
  • Das Durchschnittsergebnis liegt bei 31 aus 96
Antwortstatistiken
Cup Strecke % Korrekt
Blumen-Cup Marios Piste
73%
Panzer-Cup Marios Piste
73%
Bumerang-Cup Marios Piste
73%
Spezial-Cup Regenbogen-Boulevard
73%
Blitz-Cup Regenbogen-Boulevard
73%
Triforce-Cup Regenbogen-Boulevard
73%
Mond-Cup Regenbogen-Boulevard
73%
Stachi-Cup Regenbogen-Boulevard
73%
Spezial-Cup Bowsers Festung
59%
Panzer-Cup Kuhmuh-Weide
58%
Mond-Cup Pflaster von Berlin
48%
Blumen-Cup Toads Hafenstadt
48%
Ei-Cup Yoshis Piste
48%
Crossing-Cup Baby-Park
47%
Pilz-Cup Mario Kart-Stadion
44%
Stern-Cup Sonnenflughafen
43%
Fels-Cup London-Tour
42%
Goldener Turbo-Cup Paris-Parcours
42%
Glückskatzen-Cup Tokio-Tempotour
42%
Pilz-Cup Wasserpark
42%
Panzer-Cup Cheep-Cheep-Strand
41%
Pilz-Cup Steinblock-Ruinen
41%
Stern-Cup Wario-Abfahrt
41%
Glocken-Cup Big Blue
40%
Stern-Cup Delfinlagune
40%
Rüben-Cup New-York-Speedway
40%
Eichel-Cup Rom-Rambazamba
40%
Stachi-Cup Stadtrundfahrt Madrid
38%
Pilz-Cup Zuckersüßer Canyon
38%
Blatt-Cup Wario-Arena
37%
Crossing-Cup Animal Crossing-Dorf
36%
Blumen-Cup Gruselwusel-Villa
35%
Blumen-Cup Shy Guys Wasserfälle
35%
Goldener Turbo-Cup Toads Piste
35%
Triforce-Cup Warios Goldmine
35%
Feder-Cup Athen auf Abwegen
33%
Crossing-Cup Käseland
33%
Bananen-Cup Staubtrockene Wüste
33%
Panzer-Cup Toads Autobahn
33%
Stern-Cup Discodrom
32%
Propeller-Cup Sydney-Spritztour
32%
Blatt-Cup Yoshi-Tal
32%
Triforce-Cup Hyrule-Piste
31%
Bananen-Cup Donut-Ebene 3
30%
Ei-Cup Mute City
30%
Bumerang-Cup Überholspur Singapur
30%
Doppelkirschen-Cup Vancouver-Wildpfad
30%
Spezial-Cup Wolkenstraße
30%
Ei-Cup Excitebike-Stadion
28%
Blitz-Cup Röhrenraserei
28%
Spezial-Cup Knochentrockene Dünen
27%
Goldener Turbo-Cup Kokos-Promenade
27%
Doppelkirschen-Cup Los-Angeles-Strandpartie
27%
Mond-Cup Peachs Schlossgarten
27%
Rüben-Cup Waluigi-Flipper
27%
Bananen-Cup DK Dschungel
26%
Glocken-Cup Marios Metro
26%
Rüben-Cup Marios Piste 3
26%
Blitz-Cup Ticktack-Trauma
25%
Blitz-Cup Vulkangrollen
25%
Bumerang-Cup Waluigi-Arena
25%
Glückskatzen-Cup Wolkenpiste
25%
Frucht-Cup Ausfahrt Amsterdam
22%
Bumerang-Cup Bangkok-Abendrot
22%
Eichel-Cup Daisys Piste
22%
Frucht-Cup DK-Skikane
22%
Blatt-Cup Instrumentalpiste
22%
Propeller-Cup Pilz-Schlucht
22%
Blatt-Cup Sorbet-Land
22%
Frucht-Cup Yoshis Eiland
22%
Glückskatzen-Cup Ninja-Dojo
21%
Stachi-Cup Bowsers Festung 3
20%
Feder-Cup Daisys Dampfer
20%
Fels-Cup Blätterwald
19%
Propeller-Cup Eiscreme-Eskapade
19%
Glocken-Cup Party-Straße
19%
Glückskatzen-Cup Pilz-Pass
19%
Propeller-Cup Schneeland
19%
Crossing-Cup Wilder Wipfelweg
19%
Eichel-Cup DK Bergland
17%
Goldener Turbo-Cup Schoko-Sumpf
17%
Mond-Cup Bergbescherung
16%
Frucht-Cup Flussufer-Park
16%
Feder-Cup Mondblickstraße
16%
Stachi-Cup Rosalinas Eisplanet
16%
Bananen-Cup Königliche Piste
15%
Doppelkirschen-Cup Koopa-Kap
15%
Ei-Cup Große Drachenmauer
14%
Glocken-Cup Koopa-Großstadtfieber
14%
Feder-Cup Bad-Parcours
11%
Rüben-Cup Kalimari-Wüste
11%
Fels-Cup Gebirgspfad
10%
Fels-Cup Buu-Huu-Tal
9%
Eichel-Cup Piranha-Pflanzen-Bucht
9%
Triforce-Cup Polarkreis-Parcours
9%
Doppelkirschen-Cup Sonnenuntergangs-Wüste
7%
Keine übereinstimmenden Quizze gefunden
Verteilung der Resultate
Anzahl Personen mit jedem Resultat
Perzentil nach korrekt beantworteten Fragen
Ihre Resultats-Entwicklung
Sie haben dieses Quiz noch nicht gespielt